Lekárnická sekcia Slovenskej farmaceutickej spoločnosti jubiluje

Bibliographic Details
Main Author: Szücsová, Silvia, 1936- (Author)
Format: Article
Language:Slovak
PhysicalDescription:Obr., tab.
ISSN:0014-8172
Subjects:

MARC

LEADER 00000nab a2200000 a 4500
001 vtls000743847
003 SK-MaSNL
005 20260305014901.0
008 250429c2000 xo 0 slo
015 |a SNBRB2001/01-00058 
035 |a CLN000095684 
035 |a urn:nbn:sk:snk-ab6mz3 
035 |a (uuid)0aaeece1-facf-4d42-8038-c2bcda14ba7a 
035 |a (urnnbn)urn:nbn:sk:snk:ar-005ltn 
040 |a SNKBUCL  |b slo  |c SNKBUCL  |e AACR2 
041 0 |a slo 
044 |a xo  |c SK 
080 |a 615:061.22(437.6)  |2 1997 
080 |a 615.1  |2 1997 
100 1 |a Szücsová, Silvia,  |d 1936-  |4 aut  |9 218298 
245 1 0 |a Lekárnická sekcia Slovenskej farmaceutickej spoločnosti jubiluje  |c S. Szücsová 
300 |b Obr., tab. 
610 2 7 |a Slovenská farmaceutická spoločnosť.  |b Lekárnicka sekcia  |2 snkbucl  |9 232126 
655 7 |a články z novín a časopisov  |2 snkbucl  |9 267496 
773 0 |t Farmaceutický obzor  |g Roč. 69, č. 12 (2000), s. 311-313  |x 0014-8172 
850 |a Slovenská národná knižnica 
852 |a Slovenská národná knižnica 
954 |a odborná, vedecká literatúra pôvodná (slovenská)  |2 lita 
958 |a article27 
958 |a OND 
958 |a MI 
958 |a SK 
958 |a EUIPO 
992 |a RBX 
999 |c 3271921  |d 3273851